000 00732cab a2200229 4500
001 WB3347-20
008 090401t1997 xxu||||| |||| 00| 0 eng d
035 _a(Sirsi) u82525
041 _aeng
245 _aHK property victim closes
260 _c1997
350 _a0
490 _aFinancial Times
_v5 December 1997, 6(1)
520 _aReal estate agent Goodfortune Realty has ceased trading, the first victim of the Hong Kong property slump. Predicts falling property prices,higher interest rates and an increase in unemployment figures.
650 _aESTATE AGENTS
650 _aHONG KONG
650 _aSLUMP
650 _aUNEMPLOYMENT
690 _aOVERSEAS-REST OF THE WORLD
942 _n0
948 _c05/12/1997
999 _c52110
_d52110